Mamíferos comunes de México - Estadísticas

Estadísticas generales
  • Esta prueba ha sido intentada 61 veces
  • La puntuación promedio es 5 de 14
Estadísticas de respuestas
Imagen Respuesta % Correcto
Armadillo de nueve bandas
86%
Mapache boreal
85%
Zarigüeya de Virginia
61%
Coyote
54%
Coatí de nariz blanca
37%
Mono araña centroamericano
37%
Ciervo cola blanca
29%
Ardilla gris mexicana
22%
Zorro gris
17%
Cacomixtle norteño
12%
Pecarí de collar
12%
Agutí centroamericano
3%
Ardillón de roca
0%
Liebre de California
0%
No se encontraron pruebas coincidentes
Distribución de puntuación
Porcentaje de gente con cada puntuación
Porcentaje por número respondido
Historial de tus puntuaciones
No has intentado esta prueba.